|
|
|
|
| LEADER |
01210nam a2200349 4500 |
| 001 |
000025171 |
| 003 |
21663 |
| 005 |
20170522150534.0 |
| 008 |
170522s2013 viesd |
| 020 |
|
|
|c 85000
|
| 041 |
0 |
|
|a vie
|
| 082 |
1 |
4 |
|a 541
|b TR-H
|
| 100 |
1 |
|
|a Trần Thành Huế
|
| 245 |
1 |
0 |
|a Hoá học đại cương 1
|b Cấu tạo chất
|c Trần Thành Huế
|n Tập 1
|p Hoá học đại cương 1
|
| 250 |
|
|
|a Tái bản lần thứ tư có sửa chữa, bổ sung
|
| 260 |
|
|
|a H.
|b Đại học Sư phạm
|c 2013
|
| 300 |
|
|
|a 403 tr.
|b hình, bảng
|c 24cm.
|
| 650 |
0 |
4 |
|a Hóa đại cương
|v Giáo trình
|
| 653 |
|
|
|a Cấu tạo chất
|
| 653 |
|
|
|a Hóa đai cương
|
| 653 |
|
|
|a Giáo trình
|
| 773 |
|
|
|t Hóa đại cương
|w 21661
|
| OWN |
|
|
|a LSP
|
| AVA |
|
|
|a UDN50
|b LSP
|d 541 TR-H
|e check_holdings
|t Error 5003 Not defined in file expand_doc_bib_avail.
|h N
|k 1
|
| 999 |
|
|
|a From the UDN01
|
| AVA |
|
|
|a UDN50
|b LSP
|d 541 TR-H
|e available
|t Error 5001 Not defined in file expand_doc_bib_avail.
|f 20
|g 0
|h N
|i 0
|k 1
|
| TYP |
|
|
|a Monograph
|
| TYP |
|
|
|a Printed language
|
| 980 |
|
|
|a Mạng thư viện Đại học Đà Nẵng
|